000 01817nam a2200493 i 4500
001 15699
003 KOSZ 005
005 20200706111717.0
008 200424s1973 pl a f 001 0 pol
015 _aUWD 1982/3695
035 _a991012022099705066
035 _a(PL-WaBN)b13259829-48omnis_nlop
035 _ab13259829
035 _a(OCoLC)830306324
035 _a(PL)b0000001325982
035 _a(EXLNZ-48OMNIS_NETWORK)9910100998805606
040 _aWA N
_cWA N
_dKOSZ 005/RW
046 _k1973
080 _a621.86/.87
100 1 _aBrach, Ignacy
_d(1897-1994)
_eAutor
245 1 0 _aKoparki jednonaczyniowe, uniwersalne :
_bmaszyny do robót ziemnych /
_cIgnacy Brach.
250 _aWydanie 2 poprawione i uzupełnione.
260 _aWarszawa :
_bWydawnictwa Naukowo-Techniczne,
_c1973.
300 _a441, [2] stron :
_bilustracje, tablice, wykresy ;
_c25 cm.
336 _aTekst
_btxt
_2rdacontent
337 _aBez urządzenia posredniczącego
_bn
_2rdamedia
338 _aWolumin
_bnc
_2rdacarrier
380 _aKsiążki
380 _aPublikacje fachowe
380 _aPublikacje dydaktyczne
388 _a1901-2000
388 _a1945-1989
504 _aBibliografia na stronach 430-[432]. Indeks.
521 8 _aKsiążka jest przeznaczona dla konstruktorów tego typu maszyn oraz może służyć jako pomoc dla studentów wyższych szkół technicznych.
650 7 _aKoparka
_2DBN
650 7 _aBudowa i konstrukcje
650 7 _aObsługa i eksploatacja
650 7 _aRoboty ziemne
658 _aInżynieria i technika
710 2 _aWydawnictwa Naukowo-Techniczne
_4pbl
856 _uhttp://koha.tu.koszalin.pl/cgi-bin/koha/opac-detail.pl?biblionumber=15699
_yKatalog online BPK
942 _2UKD
_cKS
999 _c15699
_d15699